| 000 | 01155nam a2200301 4500 | ||
|---|---|---|---|
| 001 | 0000017831 | ||
| 003 | CO-CtgCURN | ||
| 005 | 20250329191004.0 | ||
| 007 | ta | ||
| 008 | 160627s1996 000 0 eng d | ||
| 020 | _a8448106571 | ||
| 040 |
_aCO-CtgCURN _bspa _ccoctgcurn |
||
| 082 | 0 |
_a657.45 _bS43t |
|
| 100 | 1 | _aSierra Molina, Guillermo J. | |
| 245 | 1 | 0 |
_aTeoria de la Auditoria Financiera / _cGuillermo J. Sierra Molina, Manuel Orta Pérez. |
| 260 |
_aMadrid : _bMcGraw-Hill, _c1996. |
||
| 300 | _axvi, 303 p. | ||
| 336 | _2rdacontent | ||
| 337 |
_2rdamedia _asin mediacion _bn |
||
| 338 |
_2rdacarrier _avolumen _bnc |
||
| 500 | _aIncluye bibliografias e indice. | ||
| 505 | 8 | _aLa auditoria financiera.--La teoria de la evidencia en auditoria.--La obtencion de la evidencia.--Teoria del diseño del programa de auditoria.--La documentacion de la evidencia.--Teoria de la evaluacion de la evidencia.--Conceptos deontologicos | |
| 650 | 1 | 4 | _aAuditoria financiera. |
| 700 | 1 | _aOrta Pérez, Manuel. | |
| 908 | _a160627 | ||
| 942 |
_cBK _h657.45 _iS43t _2ddc |
||
| 999 |
_c10395 _d10395 |
||